LEADER 04079nam 2200709Ia 450 001 9910461498503321 005 20200520144314.0 010 $a1-283-85244-6 010 $a90-04-18724-3 024 7 $a10.1163/9789004187245 035 $a(CKB)2670000000173861 035 $a(EBL)1079739 035 $a(OCoLC)813165124 035 $a(SSID)ssj0000669094 035 $a(PQKBManifestationID)11457328 035 $a(PQKBTitleCode)TC0000669094 035 $a(PQKBWorkID)10704234 035 $a(PQKB)10558315 035 $a(MiAaPQ)EBC1079739 035 $a(OCoLC)643081873 035 $a(nllekb)BRILL9789004187245 035 $a(PPN)174392761 035 $a(Au-PeEL)EBL1079739 035 $a(CaPaEBR)ebr10631710 035 $a(CaONFJC)MIL416494 035 $a(EXLCZ)992670000000173861 100 $a20100621d2010 uy 0 101 0 $aeng 135 $aur|n|---||||| 181 $ctxt 182 $cc 183 $acr 200 00$aStudies in the archaeology of the medieval Mediterranean$b[electronic resource] /$fedited by James G. Schryver 210 $aLeiden [Netherlands] ;$aBoston $cBrill$d2010 215 $a1 online resource (281 p.) 225 1 $aThe medieval Mediterranean : peoples, economies and cultures, 400-1500,$x0928-5520 ;$vv. 86 300 $aDescription based upon print version of record. 311 $a90-04-18175-X 320 $aIncludes bibliographical references and index. 327 $tPreliminary Material -- $tIntroduction -- $tChapter One A Port Without a Harbour: Reconstructing Medieval al-Mina /$rTasha Vorderstrasse -- $tChapter Two The Phantom Baronies of the Western Mani /$rJon van Leuven -- $tChapter Three A Seigneury on the Eastern Borders of the Kingdom of Jerusalem: The Terre de Suète /$rCédric Devais -- $tChapter Four Merchants, Monks, and Medieval Sardinian Architecture /$rMichelle Hobart -- $tChapter Five The forma urbis of Aleppo (Syria) during the Middle Ages /$rGiulia Annalinda Neglia -- $tChapter Six Ethno-Archaeological Approaches to Medieval Rural Settlement in Spain and Morocco /$rJohnny De Meulemeester -- $tChapter Seven The Future of Venice?s Past and the Archaeology of the North-Eastern Adriatic Emporia during the Early Middle Ages /$rSauro Gelichi -- $tList of Works Cited -- $tIndex -- $tFigures. 330 $aThe medieval Mediterranean world has inspired a rich variety of archaeological studies aimed at trying to piece together its past. This volume presents seven case studies that reveal the complexities of and possible solutions for exploring various areas of the Mediterranean basin. Individually, they offer models of interdisciplinary study that move beyond the disciplinary boundaries of archaeology to integrate evidence from other fields ranging from history to town planning. As a whole, they provide the only collection of studies of their kind for the medieval Mediterraean. They thus provide readers with a view of a field that is vibrant, nuanced, and utilizes a methodological approach that is capable of greatly increasing our knowledge of the medieval Mediterranean world. Contributors are Tasha Vorderstrasse, Jon van Leuven, Cédric Devais, Michelle Hobart, Giulia Annalinda Neglia, Johnny De Meulemeester, and Sauro Gelichi. 410 0$aMedieval Mediterranean ;$vv. 86. 606 $aArchaeology and history 606 $aCivilization, Medieval 606 $aExcavations (Archaeology)$zMediterranean Region 607 $aMediterranean Region$xAntiquities 607 $aMediterranean Region$xCivilization 607 $aMediterranean Region$xHistory$y476-1517 608 $aElectronic books. 615 0$aArchaeology and history. 615 0$aCivilization, Medieval. 615 0$aExcavations (Archaeology) 676 $a909.09822 676 $a909/.09822 701 $aSchryver$b James G$0992628 801 0$bMiAaPQ 801 1$bMiAaPQ 801 2$bMiAaPQ 906 $aBOOK 912 $a9910461498503321 996 $aStudies in the archaeology of the medieval Mediterranean$92272933 997 $aUNINA LEADER 01314nam 2200421 450 001 9910467889103321 005 20200128102917.0 010 $a983-861-787-3 035 $a(CKB)4340000000263023 035 $a(MiAaPQ)EBC5338940 035 $a(Au-PeEL)EBL5338940 035 $a(CaPaEBR)ebr11540444 035 $a(OCoLC)1031345337 035 $a(EXLCZ)994340000000263023 100 $a20200128h20162013 uy 0 101 0 $amay 135 $aurcnu|||||||| 181 $ctxt$2rdacontent 182 $cc$2rdamedia 183 $acr$2rdacarrier 200 10$aTeknoteks dan transformasi pengajian kesusasteraan $emensinergikan sastera, teknologi dan kritikan /$fSohaimi Abdul Aziz 210 1$aPulau Pinang :$cPenerbit Universiti Sains Malaysia,$d2016. 210 4$d©2013 215 $a1 online resource (53 pages) 225 0 $aPelantikan ;$vBil. 4 311 $a983-861-608-7 606 $aMalay literature$xStudy and teaching 608 $aElectronic books. 615 0$aMalay literature$xStudy and teaching. 676 $a899.2809 700 $aSohaimi Abdul Aziz$f1960-$0931321 801 0$bMiAaPQ 801 1$bMiAaPQ 801 2$bMiAaPQ 906 $aBOOK 912 $a9910467889103321 996 $aTeknoteks dan transformasi pengajian kesusasteraan$92095073 997 $aUNINA